Rappeurs français avec un titre (version masterclass) 2 - Statistiques

Statistiques générales
  • Ce quiz a été pris 198 fois
  • Le résultat moyen est 5 sur 15
Statistiques - réponses
Titre Rappeur % Correct
La vraie vie DA uzi
67%
Yakalelo SDM
67%
Bizon Kaaris
59%
10.03.2023 Werenoi
53%
Noche Lacrim
52%
On sait jamais PLK
36%
pistons vs pacers Alpha Wann
32%
Au revoir merci Siboy
32%
Zer Booba
28%
LRH Freeze corleone
26%
On est sur les nerfs Joke
20%
Fort et vivant Niro
12%
Mauvais jour Ziak
11%
Famas Kalash Criminel
7%
Sans visage Kekra
7%
Aucun quiz correspondant
Distribution des résultats
% des personnes avec chaque résultat
Percentile par nombre de réponses
Votre historique - résultats
Vous n’avez pas pris ce quiz